000 00488nam a2200181Ia 4500
001 11520
005 20260306162834.0
008 260306t2014||||xx |||||||||||||| ||spa||
041 _aESP
082 _a985.07
_bO72
100 _aOrrego Penagos, Juan Luis
_eAUT
245 0 _aY llego el centenario:
_blos festejos de 1921 y 1924 en la Lima de Augusto B. Leguía
260 _c2014
300 _a225 páginas :
_c24 cm.
650 _aGEN
654 _aCHU
942 _cLIB
_dJUS
_fJUS
_2ddc
_n
999 _c11520
_d11520